[Event "Pavlodar op"]
[Site "Pavlodar"]
[Date "2016.11.23"]
[Round "4"]
[White "Egorov, Evgeni"]
[Black "Salimov, Ruslan"]
[Result "1-0"]
[WhiteElo "2361"]
[BlackElo "2054"]
[PlyCount "92"]
[EventDate "2016.11.21"]
[EventType "swiss"]
[EventRounds "10"]
[EventCountry "KAZ"]
[SourceTitle "EXT 2018"]
[Source "ChessBase"]
[SourceDate "2017.10.13"]
[SourceVersion "1"]
[SourceVersionDate "2017.10.13"]
[SourceQuality "1"]

1. e4 d6 2. Nc3 Nf6 3. f4 g6 4. Nf3 Bg7 5. d4 0-0 6. Be3 b6 7. e5 Ng4 8. Bg1 Bb7 9. e6 Nh6 10. exf7+ Nxf7 11. d5 e5 12. dxe6 Qe7 13. Bc4 Nd8 14. Nd5 Bxd5 15. Bxd5 c6 16. Bb3 d5 17. c4 Nxe6 18. Kf1 d4 19. c5 Kh8 20. Qe2 Nd7 21. Qxe6 Qxe6 22. Bxe6 Nxc5 23. Bc4 Rxf4 24. Rd1 Raf8 25. h4 Ne4 26. Rh3 g5 27. hxg5 Nxg5 28. Rh5 Nxf3 29. gxf3 Rxf3+ 30. Kg2 R3f4 31. Rf1 Rxf1 32. Bxf1 c5 33. b3 Re8 34. Rd5 Bf6 35. Bh2 Kg7 36. Bf4 Rd8 37. Rxd8 Bxd8 38. Kf3 h5 39. Bb8 a5 40. a4 Kf6 41. Ke4 h4 42. Bf4 Kg6 43. Bh3 Kf6 44. Kd5 Kf7 45. Kc6 Kg6 46. Kd5 Kf6 1-0

[Event "Wch U14"]
[Site "Khanty-Mansiysk"]
[Date "2016.10.03"]
[Round "11"]
[White "Salimov, Ruslan"]
[Black "Semjonovs, Ilja"]
[Result "1/2-1/2"]
[WhiteElo "2026"]
[BlackElo "2245"]
[PlyCount "99"]
[EventDate "2016.09.22"]
[EventType "swiss"]
[EventRounds "11"]
[EventCountry "RUS"]
[SourceTitle "EXT 2017"]
[Source "ChessBase"]
[SourceDate "2016.10.25"]
[SourceVersion "1"]
[SourceVersionDate "2016.10.25"]
[SourceQuality "1"]

1. d4 Nf6 2. c4 c5 3. d5 b5 4. cxb5 a6 5. bxa6 g6 6. Nc3 Bg7 7. e4 0-0 8. Nf3 Qa5 9. Bd2 Bxa6 10. Bxa6 Qxa6 11. Qe2 e6 12. dxe6 fxe6 13. Bg5 Nc6 14. Qxa6 Rxa6 15. 0-0 Rb8 16. Rab1 Ng4 17. h3 Nge5 18. Nxe5 Bxe5 19. Be3 c4 20. Rfd1 Bxc3 21. bxc3 Rxb1 22. Rxb1 Rxa2 23. Rb7 Ra1+ 24. Kh2 Rd1 25. Rc7 Rd3 26. Bh6 Kf7 27. Rc8 Rxc3 28. Rh8 Rd3 29. Rxh7+ Ke8 30. Rh8+ Ke7 31. Rh7+ Ke8 32. Rh8+ Kf7 33. Rh7+ Kg8 34. Rg7+ Kh8 35. Rxg6 c3 36. Rg3 Rxg3 37. Kxg3 c2 38. Bd2 Nd4 39. f4 Nb3 40. Be3 c1Q 41. Bxc1 Nxc1 42. e5 Kg7 43. Kf3 Kg6 44. g4 Nd3 45. Ke3 Ne1 46. Ke4 Ng2 47. Kf3 Ne1+ 48. Ke2 Ng2 49. Kf3 Ne1+ 50. Ke2 1/2-1/2

[Event "Wch U14"]
[Site "Khanty-Mansiysk"]
[Date "2016.09.30"]
[Round "8"]
[White "Salimov, Ruslan"]
[Black "Osaka, Takuma"]
[Result "1-0"]
[WhiteElo "2026"]
[BlackElo "1888"]
[PlyCount "107"]
[EventDate "2016.09.22"]
[EventType "swiss"]
[EventRounds "11"]
[EventCountry "RUS"]
[SourceTitle "EXT 2017"]
[Source "ChessBase"]
[SourceDate "2016.10.25"]
[SourceVersion "1"]
[SourceVersionDate "2016.10.25"]
[SourceQuality "1"]

1. d4 Nf6 2. c4 g6 3. Nc3 d5 4. Nf3 Bg7 5. h4 0-0 6. cxd5 Nxd5 7. h5 Bg4 8. hxg6 hxg6 9. Qb3 Nb6 10. Bf4 Bxf3 11. gxf3 Qxd4 12. e3 Qf6 13. Bd3 N8d7 14. 0-0-0 Nc5 15. Qc2 Nxd3+ 16. Qxd3 e5 17. Bg3 Qc6 18. e4 Na4 19. Rh2 Nxc3 20. bxc3 b5 21. Kb2 Rab8 22. Bh4 b4 23. c4 Qa4 24. Bg5 Rb6 25. Qb3 Qa3+ 26. Kb1 a5 27. Be3 Qxb3+ 28. axb3 Rd6 29. Rhh1 Rfd8 30. Rxd6 Rxd6 31. Kc2 Ra6 32. c5 Bf8 33. Ra1 Kg7 34. Kd3 Kf6 35. Kc4 c6 36. Bd2 Be7 37. Bxb4 Bd8 38. Bc3 Ke6 39. b4 a4 40. b5 cxb5+ 41. Kxb5 Ra8 42. Rxa4 Rb8+ 43. Kc4 Bc7 44. Ra6+ Kd7 45. Ra7 f6 46. Ba5 Rc8 47. Bxc7 Rxc7 48. Rxc7+ Kxc7 49. Kd5 Kd7 50. c6+ Kc7 51. Ke6 Kxc6 52. Kxf6 Kd6 53. Kxg6 Ke6 54. Kg5 1-0

[Event "Wch U14"]
[Site "Khanty-Mansiysk"]
[Date "2016.09.28"]
[Round "6"]
[White "Salimov, Ruslan"]
[Black "Ajigulov, Nurmat"]
[Result "1-0"]
[WhiteElo "2026"]
[BlackElo "1626"]
[PlyCount "56"]
[EventDate "2016.09.22"]
[EventType "swiss"]
[EventRounds "11"]
[EventCountry "RUS"]
[SourceTitle "EXT 2017"]
[Source "ChessBase"]
[SourceDate "2016.10.25"]
[SourceVersion "1"]
[SourceVersionDate "2016.10.25"]
[SourceQuality "1"]

1. e4 e5 2. Nc3 Nc6 3. Bc4 Nf6 4. d3 h6 5. Nge2 Bc5 6. 0-0 0-0 7. h3 d6 8. Na4 Bb6 9. Nxb6 axb6 10. f4 Be6 11. Bb5 exf4 12. Bxf4 Ne5 13. d4 Ng6 14. Bd3 Nxf4 15. Nxf4 c5 16. c3 b5 17. Nxe6 fxe6 18. e5 dxe5 19. dxe5 Nd5 20. Rxf8+ Qxf8 21. Qg4 Nf4 22. Rf1 c4 23. Be4 Qc5+ 24. Kh1 g5 25. Rxf4 Qxe5 26. Rf1 Rxa2 27. Qh5 Qxe4 28. Qe8+ Kg7 1-0

[Event "KAZ-ch"]
[Site "Pavlodar"]
[Date "2015.05.12"]
[Round "2"]
[White "Gnusarev, Pavel"]
[Black "Salimov, Ruslan"]
[Result "1-0"]
[WhiteElo "2354"]
[BlackElo "1876"]
[PlyCount "39"]
[EventDate "2015.05.11"]
[EventType "swiss"]
[EventRounds "9"]
[EventCountry "KAZ"]
[SourceTitle "EXT 2016"]
[Source "ChessBase"]
[SourceDate "2015.10.08"]
[SourceVersion "1"]
[SourceVersionDate "2015.10.08"]
[SourceQuality "1"]

1. Nf3 d5 2. c4 c6 3. d4 Nf6 4. e3 Bf5 5. Nc3 e6 6. Nh4 Bg4 7. Qb3 Qc7 8. h3 Bh5 9. g4 Bg6 10. Nxg6 hxg6 11. Bg2 Nbd7 12. cxd5 exd5 13. g5 Nh5 14. Bd2 Be7 15. Rc1 Qb6 16. Qc2 Bxg5 17. Bxd5 0-0 18. Qxg6 cxd5 19. Qxh5 Bh6 20. Nxd5 1-0

[Event "Kostanay Ufimtsev Memorial"]
[Site "Kostanay"]
[Date "2014.06.07"]
[Round "4"]
[White "Salimov, Ruslan"]
[Black "Assaubayeva, Diana"]
[Result "1/2-1/2"]
[WhiteElo "1830"]
[BlackElo "1962"]
[PlyCount "60"]
[EventDate "2014.06.04"]
[EventType "swiss"]
[EventRounds "9"]
[EventCountry "KAZ"]
[SourceTitle "EXT 2018"]
[Source "ChessBase"]
[SourceDate "2017.10.13"]
[SourceVersion "1"]
[SourceVersionDate "2017.10.13"]
[SourceQuality "1"]

1. d4 d5 2. c4 c6 3. Nf3 Nf6 4. Nc3 e6 5. Bg5 Nbd7 6. e3 Qa5 7. Bxf6 Nxf6 8. Nd2 Be7 9. Bd3 0-0 10. 0-0 Qd8 11. a3 dxc4 12. Nxc4 c5 13. dxc5 Bxc5 14. b4 Bb6 15. Qe2 Bc7 16. Rfd1 Qe7 17. Rac1 a6 18. Ne4 Nxe4 19. Bxe4 Bxh2+ 20. Kxh2 Qh4+ 21. Kg1 Qxe4 22. Nd6 Qg6 23. Qf3 e5 24. Nxc8 Raxc8 25. Rxc8 Rxc8 26. Qxb7 Qe6 27. Qd7 Qxd7 28. Rxd7 f6 29. Ra7 Rc6 30. Kf1 h5 1/2-1/2

[Event "Kostanay Ufimtsev Memorial"]
[Site "Kostanay"]
[Date "2014.06.06"]
[Round "3"]
[White "Salimov, Ruslan"]
[Black "Bekmuratov, Beknur"]
[Result "1-0"]
[WhiteElo "1830"]
[BlackElo "1619"]
[PlyCount "95"]
[EventDate "2014.06.04"]
[EventType "swiss"]
[EventRounds "9"]
[EventCountry "KAZ"]
[SourceTitle "EXT 2018"]
[Source "ChessBase"]
[SourceDate "2017.10.13"]
[SourceVersion "1"]
[SourceVersionDate "2017.10.13"]
[SourceQuality "1"]

1. d4 Nf6 2. c4 c5 3. d5 e6 4. Nc3 exd5 5. cxd5 d6 6. e4 g6 7. Bd3 Bg7 8. f4 0-0 9. Nf3 Re8 10. 0-0 a6 11. a4 Nbd7 12. Re1 Qc7 13. Qe2 c4 14. Bc2 b6 15. Nd2 Bb7 16. Qxc4 Rac8 17. Qxc7 Rxc7 18. Nf3 Nc5 19. Bd2 Rce7 20. Rac1 Nfxe4 21. Nxe4 Nxe4 22. Bxe4 Rxe4 23. Rxe4 Rxe4 24. Rc7 Bxd5 25. Rc8+ Bf8 26. f5 Rc4 27. Rb8 Kg7 28. f6+ Kxf6 29. Rxf8 Bxf3 30. gxf3 Rxa4 31. Bc3+ Ke7 32. Rb8 b5 33. Rb6 Kd7 34. Rb7+ Ke6 35. Kf2 Rc4 36. Rb6 Ra4 37. Kg3 h5 38. Bd2 h4+ 39. Kh3 f6 40. Bc3 g5 41. Rb8 Rf4 42. Kg2 Ke7 43. h3 Rc4 44. Rb7+ Ke6 45. Kf2 a5 46. Rxb5 a4 47. Rb4 Rxb4 48. Bxb4 1-0